000 00768nam a2200229Ia 4500
003 GCL
005 20240530103127.0
008 140319s9999 xx 000 0 ara d
040 _aGCL /
_cGCL
082 0 4 _a940.1
_bس ح
100 1 _aسعيد عبدالفتاح عاشور
245 1 0 _aحضارة ونظم اوروبا فى العصور الوسطى /
_cسعيد عبدالفتاح عاشور
260 _aبيروت :
_bدار النهضة العربية ،
_c1976
300 _a464 ص ؛
_c23 سم
650 0 4 _aالحروب الصليبية
650 0 4 _aالحضارة الاوربية
650 0 4 _aالعصور الوسطى
650 0 4 _aالاقطاع
650 0 4 _aاوربا
650 0 4 _aعصر النهضة (1300 - 1494)
942 _2ddc
_cBK
999 _c37036
_d37036